00000000nam##2200000za#4500
0019.617883
003CaOODSP
00520211126112848
007ta
008150406|2006||||xxc|||||     f|0| 0 eng|d
022 |a1192-5434
040 |aCaOODSP|beng
043 |an-cn---
0861 |aFB3-2/106-15E
1102 |aBank of Canada.
24510|aLVTS, the overnight market, and monetary policy / |cby Nadja Kamhi.
260 |bBank of Canada |cMay 2006.
300 |av, 20p. : |bgraphs, references, tables ; |c28 cm.
4901 |aWorking paper|x1192-5434|v2006-15
5203 |aThis working paper is part of a series that examines a range of economic and financial issues of interest to bankers, economists and policymakers.
546 |a(Résumé en français.)
563 |aProcessed
590 |a06-24|b2006-06-16
69007|aFinancial analysis|2gcpds
69007|aInterest rates|2gcpds
69007|aMonetary policy|2gcpds
7201 |aKamhi, Nadja
7760#|tLVTS, the overnight market, and monetary policy / |w(CaOODSP)9.560715
830#0|aWorking paper,|x1192-5434|v2006-15|w(CaOODSP)9.514622